Регионална библиотека "Любен Каравелов" - Русе

Историята на една Мария (Запис номер 99390)

MARC детайли
000 -Лидер
Контролно поле с фиксирана дължина 01174nam a2200313 c 4500
003 - Код на организацията, давaща контролен номер
Контролно поле BLK
005 - Дата и час на последна редакция
Контролно поле 20180422105249.0
008 - Елементи от данни с фиксирана дължина
fixed length control field 180409b bul|||||r ||||||| ||bul||
010 ## - Наследен системен номер
LC control number KNG00104394000
020 ## - Международен стандартен номер на книга ISBN
Международен стандартен номер на книга ISBN 954-607-551-5
-- издат.: Лик
040 ## - Източник на каталожния запис
Идентификатор на билиотеката - собственик на записа BLK
041 ## - Код за език
Код за езика на текст/звукозапис или на отделно заглавие Български
Код за езика КДБФ Български
080 ## - УДК
Текстов определител УДК Френска литература
УДК код - определител по УДК 821.133.1
УДК определител (493)-31
УДК - код + определител 821.133.1(493)-31
100 1# - Редна дума - Автор
Автор Байон, Андре
Авторска отговорност първи автор
R(LIN) 35426
139 ## - Редно поле
Редна дума Байон, Андре
Авторски знак Баи - Б 14
245 10 - Сведения за заглавието
Заглавие Историята на една Мария
Подзаглавни данни Роман
Редно поле (дума) Андре Байон; прев. от фр. Недка Капралова.
257 ## - Страна на издаване
Страна на създаване/издаване Белгия
260 ## - Област на издателските данни
-- София
Име на издателя, разпространителя и проч. Лик
Година на издаване 2002
300 ## - Физическа характеристика
Страници 220 с.
Размери/Мащаб 20 см
380 ## - Жанр
Жанр Худож. лит.
500 ## - Общи забележки
Забележка Прев. по Historie d'une Marie / Andre Baillon. - Офс. изд. - Съдържа и Живот в дати. - Библиогр. под линия.
653 ## - Ключова дума – ненормативна
Ключова дума романи
700 1# - Други автори (авторска отговорност)
Лично име Капралова, Недка
Автороска отговорност (Описва отношението между автора и произведението) прев. от фр.
9 (RLIN) 371287
852 ## - Местоположение
Форматна сигнатура Цб 213210
856 4# - Електронен адрес и достъп
Електронен формат pdf - файл
Път до файла /url/
856 4# - Електронен адрес и достъп
Електронен формат pdf - файл
Път до файла /url/
942 ## - АРТИКУЛИ
Вид на библиотечния материал Книги
Скрит в OPAC Не
944 ## - СЪЗДАВАНЕ И РЕДАКЦИЯ на ЗАПИСА
Създаване/Редакция Създаване
Дата на регистрацията/редакция 01.01.2002
Служител, извършил регистрацията/редакцията Валя_Йорданова
944 ## - СЪЗДАВАНЕ И РЕДАКЦИЯ на ЗАПИСА
Създаване/Редакция Редакция
Дата на регистрацията/редакция 19.02.2004
Служител, извършил регистрацията/редакцията
999 ## - СИСТЕМНИ КОНТРОЛНИ НОМЕРА
Koha biblionumber 99390
Koha biblioitemnumber 99390
Наличности
Код за отписване Код за изгубен артикул Източник на класификационната схема Код за повреда Коз за рестрикции Код за отдаване Артикулен № Име на библиотеката - собственик Име на библиотеката, в която се намира в момента Статус (Текущо местоположение) Дата на вписване в системата Местоположение - отдел Цена в лева Инвентарен номер Систематично азбучна сигнатура Баркод Номер на екземпляра Цена в евро Служебна бележка Служебен тип на артикула
  Не е изгубен Universal Decimal Classification Не е повреден без рестрикции заемане за дома 160088 Регионална библиотека "Любен Каравелов" Русе Регионална библиотека "Любен Каравелов" Русе Заемна - подръчен фонд 2002-11-27 Заемна - подръчен фонд 5.00 120000673473 П 821-31/Б 14 120000673473 1 2.56 Дост: DA Вид: А N: 45 Дата: 26.11.2002 Дата инв: 12.02.2018 Бележки инв: П2018 Книги
  Не е изгубен   Не е повреден без рестрикции ползва се в читалня 160089 Регионална библиотека "Любен Каравелов" Русе Регионална библиотека "Любен Каравелов" Русе Хранилище 2004-02-19 Хранилище 5.00 120000682832 Цб 213210 120000682832 2 2.56 Дост: Dp Вид: Д N: 13 Дата: 12.03.2003 Книги
Vip Innovations Ltd, Rousse, Bulgaria 2025